000 00857cab a2200301 4500
001 WB2814-07
008 090401t1992 xxu||||| |||| 00| 0 eng d
035 _a(Sirsi) u68898
041 _aeng
245 _aLenders want a test for `mundic`
260 _c1992
350 _a0
490 _aTimes
_v2 April 1992, 5(1)
520 _aLenders and DoE officials are meeting to discuss tests developed by the BRE to test for buildings containing defective concrete; an earlier test has been found to be unreliable.
650 _aBRE
650 _aCONCRETE HOUSES
650 _aCORNWALL
650 _aDEFECTS
650 _aDEVON
650 _aHOUSING
650 _aMORTGAGE LENDERS
650 _aMUNDIC BLOCK
650 _aTEST
690 _aBUILT ENVIRONMENT-BUILDING PATHOLOGY
690 _aHOUSING
942 _n0
948 _c04/03/1997
999 _c43257
_d43257